| 000 | 00300nam a22000977a 4500 | ||
|---|---|---|---|
| 999 |
_c507100 _d507100 |
||
| 082 | _aL8065x54 In2 | ||
| 100 |
_aCentral Statistics Office _9598 |
||
| 245 |
_aSequence of national accounts India 2012 _cby Central Statistics Office |
||
| 260 |
_aNew Delhi _bController of Publication _c2013 |
||
| 300 | _a71p. | ||